Statistiques concernant Naruto - Le clan Uzumaki

Cliquez ici pour prendre le quiz!

Statistiques générales

  • Ce quiz a été pris 31 fois
  • Le résultat moyen est 3 sur 5

Statistiques - réponses

Village de provenanceDescription des personnagesPersonnages% Correct
KonohaJe suis un ninja dont les origines sont mélangées, Hyuga par ma mère, Uzumaki par mon père.
Je possède le jogan.
Je suis arrogant.
Ma sœur s'appelle Himawari, et mon frère adoptif Kawaki.
Je fait parti de l'équipe de Konohamaru.
Je suis...
Boruto Uzumaki
100%
KonohaJe suis orphelin devenu un hôte le jour de ma naissance.
Mon père était le quatrième Hokage, et j'ai suivi ses traces en devenant le septième Hokage.
Je suis un héros.
Je suis...
Naruto Uzumaki
92%
KonohaJe descend des clans Uzumaki (par ma grand-mère) et Senju (par mon grand-père).
Je suis l'une des légendaire Sanin de Konoha.
Je suis la plus grande femme médecin ninja.
Je suis hématophobe.
Je suis le cinquième Hokage de Konoha.
Je suis...
Tsunade Senju
92%
KonohaJe suis originaire d'Uzushio.
Je suis le second hôte du Kyuby.
Mon premier surnom est "Tomate", et comme je mettait une raclée à tous ceux qui se moquaient de moi je fus vite surnommée "Piment Habanero" ou "Habanero la sanglante".
Je me suis fait kidnapper par des ninja de Kumo, et sauvé par mon futur mari, le futur quatrième Hokage.
Je suis décédée le jour de la naissance de mon fils.
Je suis...
Kushina Uzumaki
90%
KonohaJe suis le deuxième enfant de Naruto et Hinata.
Mon frère s'appelle Boruto, et mon frère adoptif Kawaki.
J'ai réveillé mon Byakugan de tristesse et colère en me battant contre Boruto du fait que ce dernier, ne voulait pas que j'emmène ma peluche favorite le jour de la cérémonie où leur père allait devenir Hokage, la déchira.
Je suis...
Himawari Uzumaki
86%
Ame
Je suis originaire d'Ame, et j'ai vu mes parents se sacrifier pour moi, et être tués par des ninja de Konoha durant la seconde guerre ninja.
Je suis surnommé "Pain".
Je fus chef de l'Akatsuki.
Je possède le Rinnegan, et j'ai donc six "corps" que je contrôle, dont le cadavre de mon meilleur ami.
Avec Yahiko et Konan, j'ai été l'un des trois premiers élèves de Jiraya.
J'ai été ramené à la raison par Naruto, et j'ai ressuscité l'ensemble des morts de Konoha que j'avais causé durant mon attaque.
Je suis...
Nagato Uzumaki
82%
KusaJe suis l'une des subordonnées d'Orochimaru, j'étais la gardienne du repaire Sud pendant son absence.
J'aime Sasuke Uchiwa.
J'ai d'incroyable capacité de guérison, mais pour cela, il faut me mordre.
Je suis une ninja sensorielle, ayant la capacité de détecter le chakra d'une personne, en identifier la quantité et à qui il appartientra sans problème et peut aussi dissimuler mon chakra pour éviter que d'autres ninjas sensoriels ne me repèrent.
Je suis...
Karin Uzumaki
73%
UzushioJe suis la femme du premier Hokage.
Je suis la première hôte de Kyubi.
Je suis la grand-mère de Tsunade.
Je suis extrêmement puissante en fuinjutsu.
J'ai vécu le règne des trois premiers Hokage.
Je suis...
Mito Uzumaki
58%
KonohaJe descend des clans Uzumaki (par ma grand-mère) et Senju (par mon grand-père).
Je suis décédé le lendemain de mon anniversaire, lors de ma première mission en tant que ninja.
Mon rêve était de devenir Hokage comme mon grand-père.
Je suis...
Nawaki Senju
38%
KonohaJe suis le Naruto Uzumaki des versions alternatives de l'histoire. Notre seule différence est que j'ai grandi avec mes parents.
Je suis...
Menma Uzumaki | Menma Namikaze
36%
AmeJ'étais une infirmière.
Je me suis sacrifiée pour sauvé la vie de mon fils.
J'ai été tuée, comme mon mari, par des ninjas de Konoha.
Je suis...
Fusô Uzumaki
22%
UzushioJe fut le chef du Clan Uzumaki à l'époque de la construction de Konoha.
J'étais un expert en fuinjutsu, et probablement en kenjutsu.
Mon nom est celui d'un clan japonais ayant existé durant la période Sengoku et qui fut décimé après une grande bataille.
Je suis...
Ashina Uzumaki
0%

Distribution des résultats

Percentile par nombre de réponses

% des personnes avec chaque résultat

Votre développement - résultats

Vous n’avez pas pris ce quiz